Statistiques concernant Grandes villes australiennes

Cliquez ici pour prendre le quiz!

Statistiques générales

  • Ce quiz a été pris 299 fois
    (285 depuis la dernière actualisation)
  • Le résultat moyen est 6 sur 9

Statistiques - réponses

Population en 2016Ville% Correct
5 029 768Sydney
99%
4 725 316Melbourne
97%
2 022 044Perth
91%
356 120 (2006)Canberra
85%
2 360 241Brisbane
80%
1 324 279Adélaide
77%
224 462Hobart
36%
288 736 (2006)Newcastle
23%
234 482 (2006)Wollongong
13%

Distribution des résultats

Percentile par nombre de réponses

% des personnes avec chaque résultat

Votre développement - résultats

Vous n’avez pas pris ce quiz depuis la dernière actualisation